| 000 | 00945nam a22002895a 4500 | ||
|---|---|---|---|
| 005 | 20161117141310.0 | ||
| 008 | 161103t2016 nyua frb 001 0 eng d | ||
| 020 | _a9781484213278 | ||
| 020 | _a9781484213261 | ||
| 040 |
_aEG-ScBUE _beng _cEG-ScBUE _dEG-ScBUE |
||
| 082 | 0 | 4 |
_a005.7 _bAZA _222 |
| 100 | 1 | _aAzarmi, Bahaaldine. | |
| 245 | 1 | 0 |
_aScalable big data architecture : _ba practitioner's guide to choosing relevant big data architecture / _cBahaaldine Azarmi. |
| 260 |
_aNew York : _bApress, _c2016. |
||
| 300 |
_axiii, 141 p. : _bill. ; _c25 cm. |
||
| 500 | _aIndex : p. 139-141. | ||
| 504 | _aIncludes bibliographical references. | ||
| 650 | 7 |
_aBig data. _2BUEsh |
|
| 650 | 7 |
_aDatabases. _2BUEsh |
|
| 650 | 7 |
_aApplication software. _2BUEsh |
|
| 650 | 7 |
_aComputer science. _2BUEsh |
|
| 650 | 7 |
_aData mining. _2BUEsh |
|
| 650 | 7 |
_aDatabase management. _2BUEsh |
|
| 651 | _2BUEsh | ||
| 653 |
_bCOMSCI _cOctober2016 |
||
| 942 | _2ddc | ||
| 999 |
_c23022 _d22994 |
||